[Event "Floripa Chess Open 2024"]
[Site "Florianopolis"]
[Date "2024.01.23"]
[Round "5.92"]
[White "Bortoloso, Moacir Canella"]
[Black "Hessmann, Eduardo Franzoni"]
[Result "1-0"]
[WhiteElo "2033"]
[BlackElo "1665"]
[PlyCount "36"]
[EventDate "2024.01.20"]
[EventRounds "10"]
[EventCountry "BRA"]

1. e4 c5 2. Nf3 d6 3. d4 cxd4 4. Nxd4 Nf6 5. Nc3 a6 6. Bc4 e6 7. Bb3 b5 8. Bg5
Be7 9. Qf3 Qc7 10. e5 Bb7 11. exd6 Bxd6 12. Qe3 Bb4 $146 ({RR} 12... Bc5 13.
Rd1 O-O {1/2-1/2 (13) Pashikian,A (2461)-Ibrahimov,R (2511) Iran 2005}) ({RR} 
12... Bc5 13. O-O-O Nc6 14. Qxe6+ fxe6 15. Nxe6 Qe5 16. Nxg7+ Kf8 17. Ne6+ Kf7
18. Rhe1 Qxe1 19. Nxc5+ Kg6 20. Rxe1 Kxg5 21. Nxb7 Nd4 22. Nd6 Rhf8 23. f3 b4
24. Nce4+ Nxe4 25. Rxe4 Nxb3+ 26. axb3 a5 27. Rg4+ {Ivanchuk,V (2751)-Karjakin,
S (2732) Nice 2008 1-0 (49)}) ({RR} 12... Bc5 13. O-O-O Qe7 14. Rhe1 Nbd7 15.
Qxe6 fxe6 16. Nxe6 Ra7 17. Nxg7+ Kd8 18. Rxe7 Bxe7 19. Be3 Ra8 20. Nf5 Bb4 21.
Bg5 Kc7 22. Bf4+ Kc8 23. a3 Bc5 24. Be6 Re8 25. Bf7 Rd8 26. b4 Bf8 27. Be6 {
Madurga Lopez,I (2057)-Garcia,E (2283) Madrid 2011 0-1 (47)}) 13. O-O-O Bxc3
14. bxc3 O-O 15. Bxf6 gxf6 16. Qh6 Nc6 17. Rd3 Ne5 18. Rg3+ Ng6 1-0

[Event "Floripa Chess Open 2024"]
[Site "Florianopolis"]
[Date "2024.01.23"]
[Round "5.94"]
[White "Moro, Antonio Renato Pere"]
[Black "Cunha, Adriano De Jesus Si"]
[Result "1/2-1/2"]
[WhiteElo "1667"]
[BlackElo "2003"]
[PlyCount "98"]
[EventDate "2024.01.20"]
[EventRounds "10"]
[EventCountry "BRA"]

1. e4 e5 2. Nf3 Nc6 3. Bb5 a6 4. Ba4 Nf6 5. d3 b5 6. Bb3 Bc5 7. c3 d6 8. O-O
O-O 9. Bg5 Bb6 ({RR} 9... h6 10. Bh4 g5 11. Bg3 Bg4 12. Nbd2 Qd7 13. Re1 Rae8
14. Nf1 Bb6 15. h4 gxh4 16. Bxh4 Nh5 17. N1h2 Kh8 18. Qd2 Kh7 19. Bd1 Rg8 20.
Ng5+ hxg5 21. Bxg4 Qe7 22. Bxh5 gxh4 23. Bg4 Rg5 24. Bf5+ {Akopian,V (2706)
-Svidler,P (2743) Turin 2006 1/2-1/2}) 10. Nbd2 Na5 $146 ({RR} 10... Be6 11.
Re1 h6 12. Bh4 g5 13. Bg3 Nh7 14. Nf1 Qf6 15. Ne3 Ne7 16. d4 Ng6 17. Bxe6 fxe6
18. dxe5 dxe5 19. Ng4 Qg7 20. Ngxe5 Nxe5 21. Nxe5 Bxf2+ 22. Bxf2 Qxe5 23. Bg3
Qc5+ 24. Kh1 Nf6 25. Qe2 {Chen,R (2256)-Cervantes Landeiro,T (2280) Saint
Louis USA 2022 1-0 (74)}) ({RR} 10... h6 11. Bh4 Qe7 12. Re1 Be6 13. Bc2 Bg4
14. Nf1 Rfe8 15. Ne3 Bxe3 16. Rxe3 g5 17. Bg3 Nh5 18. h3 Bxf3 19. Qxf3 Nf4 20.
Bh2 Qd7 21. Rd1 Ne7 22. Qg4 Qxg4 23. hxg4 Kg7 24. d4 f6 25. Kf1 {Fedorchuk,S  
(2635)-Pham,L (2319) Berlin 2015 0-1 (68)}) 11. Bc2 c5 12. h3 Qe7 13. Re1 Be6
14. Nf1 Nc6 15. Ne3 Rfc8 16. Bb3 c4 17. dxc4 Bxe3 18. Rxe3 bxc4 19. Ba4 Rab8
20. b4 Na7 21. Bc2 Rd8 22. Qe2 Nb5 23. a4 Nc7 24. Rd1 Nce8 25. Nd2 Qc7 26. f4
Rdc8 27. f5 Bd7 28. Bh4 d5 29. exd5 Nxd5 30. Rg3 Nf4 31. Qe3 f6 32. Rf3 Nd6 33.
g4 Bc6 34. Rff1 Nd5 35. Qg3 Qb6+ 36. Rf2 Ne3 37. Rc1 Nxc2 38. a5 Qe3 39. Rxc2
Qa7 40. Kh2 Be4 41. Rc1 Bd3 42. Re1 Re8 43. Rg2 Rbd8 44. Qf2 Qxf2 45. Bxf2 Nb5
46. Ne4 Bxe4 47. Rxe4 Nd6 48. Re2 Nb5 49. Re4 Nd6 1/2-1/2

[Event "Floripa Chess Open 2024"]
[Site "Florianopolis"]
[Date "2024.01.23"]
[Round "5.95"]
[White "Guerrero, Alvaro"]
[Black "Kerr, Carter"]
[Result "1-0"]
[WhiteElo "1999"]
[BlackElo "1624"]
[PlyCount "61"]
[EventDate "2024.01.20"]
[EventRounds "10"]
[EventCountry "BRA"]

1. d4 {Dolmatov,S} d5 2. Nf3 Nf6 3. Bg5 e6 4. e3 Be7 5. Bd3 O-O 6. c4 c6 7. Nc3
Nbd7 8. O-O h6 9. Bh4 b6 10. Rc1 Ba6 ({RR} 10... Bb7 11. Qe2 c5 12. Rfd1 cxd4
13. Nxd4 ({RR} 13. exd4) 13... Rc8 14. Bg3 Nc5 15. Bb1 Ba6 16. Ndb5 Qd7 17. Be5
Rfd8 18. cxd5 exd5 ({RR} 18... Nxd5 19. Qc2 g6 20. Nxd5 exd5 21. Nc3) 19. h3 ({
RR} 19. Bxf6 Bxf6 20. Rxd5 Bxb5 21. Rxd7 Bxe2 22. Rxd8+ Rxd8 23. Nxe2 Bxb2)
19... Qe6 ({RR} 19... Qe8) 20. Bd4 Nce4 21. Qf3 Bxb5 22. Nxb5 Nd2 23. Qf5 Nxb1
24. Qxb1 Qd7 25. Rxc8 {Ribli,Z (2610)-Hort,V (2595) Amsterdam 1980 MCL  
[Dolmatov,S] 0-1 (39) RR} Rxc8 26. Nc3 Ne8 27. e4) 11. b3 $146 ({RR} 11. cxd5
Bxd3 12. Qxd3 cxd5 13. Nb5 Re8 14. Nc7 Nc5 15. dxc5 Qxc7 16. Bg3 Qb7 17. c6 Qc8
18. Nd4 Ne4 19. Bf4 Bd6 20. Bxd6 Nxd6 21. f4 Re7 22. f5 exf5 23. Nxf5 Nxf5 24.
Rxf5 Rxe3 25. Qxd5 Qc7 {Mishra,N (2280)-Affriany,J Sharjah 1985 1-0}) ({RR} 11.
cxd5 Bxd3 12. Qxd3 cxd5 13. Bg3 a6 14. Ne2 Ne4 15. Nd2 Nxg3 16. hxg3 b5 17. Rc2
Nb6 18. b3 Qd7 19. Rfc1 Rfc8 20. Nf3 Rxc2 21. Rxc2 Rc8 22. Ne5 Qd8 23. Nf4 Rxc2
24. Qxc2 Qd6 25. f3 a5 {De Souza,C (2018)-Maranhao,J (1923) chess.com INT 2023
1-0 (78)}) ({RR} 11. cxd5 Bxd3 12. Qxd3 cxd5 13. Rc2 Rc8 14. Rfc1 Ne4 15. Bxe7
Qxe7 16. Nxd5 exd5 17. Rxc8 Qb4 18. Rxf8+ Nxf8 19. Qc2 Ne6 20. Ne5 N6g5 21. h4
Ne6 22. Qc8+ Kh7 23. Nxf7 Nf8 24. Qf5+ g6 25. Qe5 g5 {Sorokina,G-Shirinkina,A
Dagomys 2004 1-0 (32)}) 11... c5 12. Re1 Rc8 13. Qe2 Ne4 14. Bxe7 Nxc3 15. Rxc3
Qxe7 16. Rec1 Nf6 17. Qc2 Rfd8 18. Rd1 Bb7 19. Qe2 Ne4 20. Rcc1 cxd4 21. exd4
Ng5 22. Ne5 dxc4 23. Bxc4 f6 24. Nf3 Qf7 25. h4 Nh7 26. d5 e5 27. Ba6 Re8 28.
d6 Rcd8 29. Qd3 Bc8 30. Rxc8 Rxc8 31. d7 1-0

[Event "Floripa Chess Open 2024"]
[Site "Florianopolis"]
[Date "2024.01.23"]
[Round "5.96"]
[White "De Resende, Sidnei"]
[Black "Cunha E Silva, Carlos Alberto V."]
[Result "1-0"]
[WhiteElo "1666"]
[BlackElo "1984"]
[PlyCount "133"]
[EventDate "2024.01.20"]
[EventRounds "10"]
[EventCountry "BRA"]

1. e4 c5 2. Nf3 d6 3. d4 cxd4 4. Nxd4 Nf6 5. Nc3 a6 6. Be2 e5 7. Nb3 Be6 8. O-O
Be7 9. Be3 O-O 10. Nd5 Nxd5 11. exd5 Bf5 12. a4 Nd7 13. a5 Rc8 14. c3 ({RR} 14.
c4 Bg5 15. Qd2 Bxe3 16. Qxe3 h6 17. Nd2 Qg5 18. Qxg5 hxg5 19. b4 e4 20. Rfc1
Rc7 21. Nf1 Bg6 22. g4 Rfc8 23. Ne3 Ne5 24. Rc3 Bh7 25. Rac1 g6 26. c5 f5 27.
c6 f4 28. cxb7 {1-0 (28) Korchmar,V (2438)-Kraus,T (2481) chess.com INT 2023})
14... Bg6 15. f3 $146 ({RR} 15. Ra4 f5 16. f4 Nf6 17. Rb4 Qd7 18. Bb6 Bf7 19.
c4 h6 20. Nd2 g5 21. fxg5 hxg5 22. Rb3 e4 23. Rg3 Nh7 24. Bd4 Bg6 25. Bh5 Qe8
26. Bxg6 Qxg6 27. Rb3 Rb8 28. Qe2 Bf6 29. Bxf6 Nxf6 {Preotu,R (2487)-Zverev,L 
(1982) chess.com INT 2021 1-0 (52)}) ({RR} 15. Ra4 f5 16. f4 Nf6 17. Rb4 Qd7
18. Bb6 Bf7 19. c4 h6 20. Nd2 g5 21. fxg5 hxg5 22. Rb3 e4 23. Rg3 Nh7 24. Bd4
Bg6 25. Bh5 Qe8 26. Bxg6 Qxg6 27. Rb3 Rb8 28. Qe2 Bf6 29. Bxf6 Nxf6 {Preotu,R 
(2487)-Zverev,L (1982) chess.com INT 2021 1-0 (52)}) 15... f5 16. Qd2 f4 17.
Bf2 Bh4 18. Bd3 Bxf2+ 19. Rxf2 Qg5 20. Qc2 Rf6 21. Nd2 Bxd3 22. Qxd3 Nc5 23.
Qe2 Rh6 24. b4 Nd7 25. Ne4 Qh4 26. h3 Rg6 27. Kh2 Rf8 28. Qe1 Qe7 29. c4 Nf6
30. Rc2 Rc8 31. Rac1 Nxe4 32. Qxe4 Qg5 33. Qe2 Qd8 34. c5 Rf6 35. c6 b5 36. c7
Qd7 37. Qf2 Rff8 38. Rc6 Qf7 39. Rxd6 Rxc7 40. Rxc7 Qxc7 41. Qc5 Qf7 42. Re6
Qf5 43. Qd6 e4 44. Rxe4 Qg5 45. Qe6+ Kh8 46. d6 h6 47. d7 Rd8 48. Re5 Qh4 49.
Qe7 Qxe7 50. Rxe7 Kh7 51. h4 Kg6 52. Re6+ Kf7 53. Rxa6 Rxd7 54. Rb6 Ke7 55.
Rxb5 Kd6 56. Rf5 g5 57. hxg5 hxg5 58. Rxg5 Rh7+ 59. Kg1 Rb7 60. b5 Rb8 61. a6
Kc7 62. Kf1 Re8 63. Rg6 Rb8 64. a7 Ra8 65. b6+ Kb7 66. Ke2 Re8+ 67. Kd3 1-0

[Event "Floripa Chess Open 2024"]
[Site "Florianopolis"]
[Date "2024.01.23"]
[Round "5.97"]
[White "Benitez, Andres"]
[Black "De Souza, Samuel B Ornelas"]
[Result "1/2-1/2"]
[WhiteElo "1956"]
[BlackElo "1639"]
[PlyCount "112"]
[EventDate "2024.01.20"]
[EventRounds "10"]
[EventCountry "BRA"]

1. e4 c5 2. Nf3 d6 3. d4 cxd4 4. Nxd4 Nf6 5. Nc3 a6 6. Be2 e5 7. Nb3 Be7 8. Be3
Be6 9. Nd5 Nbd7 10. Qd3 Bxd5 11. exd5 Rc8 12. c4 b6 ({RR} 12... O-O 13. O-O a5
14. Nd2 Nc5 15. Qc2 Nfd7 16. Bg4 g6 17. Bxd7 Nxd7 18. Qb3 f5 19. f3 Bg5 20. f4
exf4 21. Bxf4 Nc5 22. Qg3 Bxf4 23. Qxf4 Qf6 24. b3 g5 25. Qf2 Rce8 26. Rad1 g4
27. Nb1 {Anand,V (2794)-Shirov,A (2722) Leon 2001 1-0 (56)}) ({RR} 12... Nb6
13. Nd2 Na4 14. g4 Qd7 15. b3 Nc5 16. Bxc5 Rxc5 17. g5 Ng8 18. Rg1 Rc7 19. Ne4
h6 20. Bg4 Qd8 21. h4 Kf8 22. Qe3 b5 23. c5 hxg5 24. hxg5 Rxc5 25. Nxc5 dxc5
26. d6 Bxd6 27. Rd1 {Narva,M (2399)-Silz,E (1980) Germany GER 2024 1-0 (37)})
13. O-O O-O 14. Nd2 a5 15. Rae1 $146 ({RR} 15. a3 Nc5 16. Qb1 a4 17. b4 axb3
18. Nxb3 Na4 19. Nd2 Nc3 20. Qd3 Nxe2+ 21. Qxe2 Nd7 22. a4 f5 23. f3 Bf6 24.
Ra3 Kh8 25. Rb1 Re8 26. Rb5 e4 27. f4 g5 28. g3 gxf4 29. Bxf4 Nc5 {Migot,T  
(2002)-Montabord,M (2163) Aix les Bains 2007 0-1 (45)}) 15... Ne8 16. f4 exf4
17. Bxf4 Ne5 18. Bxe5 dxe5 19. Bg4 Rb8 20. Rxe5 Bf6 21. Re2 Bxb2 22. Nb3 Ba3
23. Kh1 Nf6 24. Bf3 Bd6 25. Nd4 Qc7 26. Nb5 Qd7 27. Nxd6 Qxd6 28. g3 Rfe8 29.
Rfe1 g6 30. Qd4 Rxe2 31. Rxe2 Re8 32. Rb2 Nd7 33. Kg2 h5 34. Qf4 Qxf4 35. gxf4
Rc8 36. Be2 Kf8 37. Kf2 Ke7 38. Ke3 Kd6 39. Kd4 Re8 40. Bd1 Rb8 41. f5 gxf5 42.
Bxh5 Rh8 43. Bxf7 Rh4+ 44. Kc3 Rh3+ 45. Kd4 Rh4+ 46. Ke3 Rxc4 47. Be6 Re4+ 48.
Kf2 f4 49. Bxd7 Kxd7 50. Rxb6 Rd4 51. Rb7+ Kd6 52. Kf3 Rd2 53. a3 Rxh2 54. Rb5
Rd2 55. Rxa5 Rxd5 56. Rxd5+ Kxd5 1/2-1/2

[Event "Floripa Chess Open 2024"]
[Site "Florianopolis"]
[Date "2024.01.23"]
[Round "5.99"]
[White "Vaz, Osvaldo Jose"]
[Black "Pedroso, Denian"]
[Result "0-1"]
[WhiteElo "1627"]
[BlackElo "1924"]
[PlyCount "54"]
[EventDate "2024.01.20"]
[EventRounds "10"]
[EventCountry "BRA"]

1. e4 c5 2. Nf3 Nc6 3. b4 Nxb4 4. c3 Nc6 5. d4 d5 6. exd5 Qxd5 7. Na3 Bg4 8.
Be2 ({RR} 8. Bc4 Qe4+ 9. Be3 cxd4 10. cxd4 e6 ({RR} 10... e5 11. Nb5 Bb4+ 12.
Kf1 O-O-O 13. Qa4 exd4 14. Nxa7+ Nxa7 15. Qxb4 dxe3 16. Rc1 Nc6 17. Qb6 Bxf3
18. Ba6 e2+ 19. Kg1 Rd1+ 20. Rxd1 exd1=Q+ 21. Bf1 Qxf1+ 22. Kxf1 Qe2+ 23. Kg1
Qe1#) 11. Nb5 Rc8 12. O-O Nf6 13. Qb3 Bxf3 14. gxf3 Qf5 15. Bd3 Qxf3 16. Rfe1
Be7 17. Be2 Qf5 18. Bd3 Qg4+ 19. Kh1 Qf3+ 20. Kg1 O-O 21. Bd2 Qg4+ 22. Kh1 Nxd4
{Vaz,O (1627)-Filgueiras,N (2321) Florianopolis SC 2024 0-1}) 8... e6 $146 ({RR
} 8... cxd4 9. cxd4 e6 10. O-O Nf6 11. Rb1 Be7 12. Rxb7 O-O 13. h3 Bh5 14. Qa4
Nxd4 15. Nxd4 Qxb7 16. Bxh5 Nxh5 17. Nc4 Rfc8 18. Ne5 Bf6 19. Ndf3 Bxe5 20.
Nxe5 Nf6 21. Bg5 Qe4 22. Qa5 Qf5 23. f4 {Christiansen,J (2578)-Zhigalko,S  
(2572) Almaty KAZ 2022 0-1 (55)}) 9. c4 Qd7 10. d5 Bxf3 11. Bxf3 Nd4 12. O-O e5
13. Re1 Bd6 14. Rb1 Ne7 15. Nb5 Nxb5 16. Rxb5 O-O 17. Bb2 Ng6 18. Be4 f5 19.
Bb1 Rae8 20. g3 e4 21. Qh5 Be5 22. Bc1 Bd4 23. Be3 Ne5 24. Qe2 Nf3+ 25. Kh1 f4
26. Qf1 fxe3 27. Re2 Nd2 0-1

[Event "Floripa Chess Open 2024"]
[Site "Florianopolis"]
[Date "2024.01.23"]
[Round "5.100"]
[White "Boeck, Moacir Luis"]
[Black "Miranda, Catarina Oliveira"]
[Result "1-0"]
[WhiteElo "1900"]
[BlackElo "1620"]
[PlyCount "73"]
[EventDate "2024.01.20"]
[EventRounds "10"]
[EventCountry "BRA"]

1. e4 c5 2. Nf3 e6 3. c4 Nc6 4. d4 cxd4 5. Nxd4 Nf6 6. Nc3 Bb4 7. Nxc6 bxc6 8.
Bd3 Qc7 ({RR} 8... d6 9. O-O O-O 10. Qe2 Bxc3 11. bxc3 Nd7 12. Rd1 Ba6 13. c5
Bxd3 14. Qxd3 Nxc5 15. Qc4 Qc7 16. e5 Nb7 17. exd6 Nxd6 18. Qf4 Nb5 19. Qxc7
Nxc7 20. Ba3 Rfd8 21. c4 f6 22. Kf1 e5 23. Rab1 {Wang,Y (2435)-Zhou Jianchao  
(2621) China CHN 2018 0-1 (32)}) 9. O-O O-O 10. a3 $146 ({RR} 10. Qe2 e5 11.
Bg5 Ne8 12. Rac1 h6 13. Bh4 Bc5 14. Na4 Bd4 15. Be7 Qa5 16. Qc2 c5 17. a3 d6
18. Nc3 Nc7 19. Bxf8 Kxf8 20. Ne2 Ne6 21. Nxd4 Nxd4 22. Qc3 Qxc3 23. bxc3 Nb3
24. Rc2 Ke7 {Leib,D (1897)-Reches,O (1724) Netanya ISR 2019 1-0 (36)}) ({RR} 
10. Bg5 Be7 11. Qe1 Ng4 12. f4 Bxg5 13. Qg3 Qb6+ 14. Kh1 Ne3 15. Qxg5 Nxf1 16.
Rxf1 Qxb2 17. Ne2 Qf6 18. Qc5 d6 19. Qxd6 Rd8 20. Qxc6 Bd7 21. Qc7 Rac8 22.
Qxa7 Qb2 23. Rf3 Bc6 24. Qf2 Rxd3 {Yahya Shuaib Al Kaff (1638)-Plyasunov,D  
(2274) Al Ain UAE 2023 0-1 (38)}) ({RR} 10. f4 e5 11. fxe5 Qxe5 12. Bf4 Qc5+
13. Kh1 Bxc3 14. bxc3 d6 15. Qf3 Ng4 16. Qg3 Ne5 17. Be3 Qa5 18. Bd4 f6 19. c5
Be6 20. cxd6 Rad8 21. Rab1 Rxd6 22. Rb7 Rf7 23. Rxf7 Bxf7 24. Rb1 h6 {
Kazakovskiy,V (1886)-Setkauskas,V (2207) Palanga 2011 0-1 (61)}) 10... Be7 11.
Bg5 Re8 12. Rc1 Bb7 13. c5 Qe5 14. Bxf6 Bxf6 15. b4 g6 16. Kh1 Rad8 17. f4 Qb8
18. e5 Bg7 19. Ne4 Rf8 20. Nd6 f6 21. Qe2 Ba8 22. h4 fxe5 23. fxe5 Rxf1+ 24.
Rxf1 Rf8 25. Rxf8+ Qxf8 26. Qe3 Bh6 27. Qe4 Qf4 28. h5 Qc1+ 29. Kh2 Bf4+ 30. g3
Qb2+ 31. Kh3 Bxe5 32. hxg6 h6 33. g7 Bxg7 34. Qh7+ Kf8 35. Qg6 Kg8 36. Qe8+ Bf8
37. Qf7+ 1-0

[Event "Floripa Chess Open 2024"]
[Site "Florianopolis"]
[Date "2024.01.23"]
[Round "5.101"]
[White "Pereira, Armando Scharlau"]
[Black "Cerrato, Alex"]
[Result "1/2-1/2"]
[WhiteElo "1618"]
[BlackElo "1884"]
[PlyCount "141"]
[EventDate "2024.01.20"]
[EventRounds "10"]
[EventCountry "BRA"]

1. b3 c5 2. Bb2 d5 3. e3 Nc6 4. Nf3 Bg4 5. Be2 e6 6. O-O Nf6 7. d3 Bd6 8. Nbd2
O-O 9. h3 Bh5 10. d4 $146 ({RR} 10. Re1 Bg6 11. Nh4 Be5 12. Nxg6 hxg6 13. Bxe5
Nxe5 14. f4 Nc6 15. Nf3 Qc7 16. Qd2 Rfe8 17. Qc3 b6 18. Rad1 Rac8 19. Bf1 d4
20. exd4 cxd4 21. Nxd4 Nxd4 22. Qxd4 Qxc2 23. Qa4 Re7 24. Be2 Nd5 {Bachofner,A
(2243)-Ponjican,E (2206) Austria 2010 1/2-1/2 (37)}) ({RR} 10. e4 dxe4 11. dxe4
Bf4 12. e5 Nd7 13. Nc4 Qc7 14. Qd6 Qxd6 15. exd6 b5 16. Ne3 a6 17. Rad1 Nb6 18.
Ng4 Bxg4 19. hxg4 Rad8 20. Ba3 Bxd6 21. Rxd6 Rxd6 22. Bxc5 Nc8 23. Bxd6 Nxd6
24. c4 bxc4 {Sadovsky,A (2276)-Castillo Pena,P (1772) chess.com INT 2023 1-0  
(40)}) 10... cxd4 11. exd4 Rc8 12. c4 Bb8 13. Rc1 Qd6 14. g3 Kh8 15. Ne5 Bxe2
16. Qxe2 Nd7 17. Nxd7 Qxd7 18. Nf3 f6 19. cxd5 exd5 20. Kg2 Rfe8 21. Qd2 Re4
22. Rfe1 Rce8 23. Nh2 Qe6 24. Rxe4 Qxe4+ 25. Nf3 g5 26. Re1 Qg6 27. Rxe8+ Qxe8
28. Qd3 Qe6 29. Qb5 b6 30. Ba3 h5 31. Qd3 Kg7 32. Bc1 Ne7 33. Qe3 Qxe3 34. Bxe3
Kg6 35. g4 Ng8 36. Ne1 Nh6 37. f3 f5 38. gxh5+ Kxh5 39. Nd3 Bd6 40. Ne5 b5 41.
Bf2 g4 42. hxg4+ fxg4 43. fxg4+ Nxg4 44. Nf7 Bc7 45. Ne5 Kg5 46. Nxg4 Kxg4 47.
Be3 Bf4 48. Bg1 a6 49. Bf2 Bd2 50. Bg3 Be3 51. Be5 Bf4 52. Bg7 Bc7 53. Bh6 Bb6
54. Be3 Ba7 55. Kf2 Bb8 56. Ke2 Bf4 57. Bf2 Bg5 58. Be1 Bc1 59. Bb4 Kf4 60. Kd3
Kf3 61. Be1 Bg5 62. a4 Bd8 63. axb5 axb5 64. Bd2 Kf2 65. Bb4 Kf3 66. Bd2 Bc7
67. Be1 Bd8 68. Bd2 Bc7 69. Bb4 Bd8 70. Be1 Bc7 71. Bd2 1/2-1/2

[Event "Floripa Chess Open 2024"]
[Site "Florianopolis"]
[Date "2024.01.23"]
[Round "5.102"]
[White "Cavalcante, Adriano Nunes"]
[Black "Cunha, Angelo"]
[Result "1/2-1/2"]
[WhiteElo "1878"]
[BlackElo "1598"]
[PlyCount "109"]
[EventDate "2024.01.20"]
[EventRounds "10"]
[EventCountry "BRA"]

1. d4 Nf6 2. c4 e5 3. dxe5 Ng4 4. Bf4 g5 5. Bg3 Bg7 6. Nf3 Nc6 7. Nc3 Ngxe5 8.
Nxe5 Nxe5 9. e3 d6 10. h4 h6 11. hxg5 hxg5 12. Rxh8+ Bxh8 13. Qh5 Ng6 14. Rc1
$146 ({RR} 14. Bd3 Bxc3+ 15. bxc3 Qf6 16. Kd2 Be6 17. Rb1 O-O-O 18. Qd1 Ne5 19.
Qb3 b6 20. e4 Nd7 21. a4 Nc5 22. Qc2 a5 23. Ke3 Bd7 24. Ra1 Re8 25. f3 Bc6 26.
Ke2 g4 27. Bf2 gxf3+ 28. gxf3 Qe5 {Tuzinskiy,D (2178)-Chubakov,O (2168) Tula
2007 1/2-1/2 (48)}) ({RR} 14. Bd3 Bxc3+ 15. bxc3 Qf6 16. Kd2 Bd7 17. Qf3 Qxf3
18. gxf3 O-O-O 19. Rh1 Rh8 20. Rxh8+ Nxh8 21. f4 g4 22. e4 Ng6 23. f5 Ne7 24.
Be2 Nc6 25. Bxg4 Na5 26. Kd3 b5 27. cxb5 Bxb5+ 28. Kc2 Bc4 {Melikhov,E (2269)
-Guerrero,A (2336) Tornelo INT 2023 1/2-1/2 (49)}) 14... Bf5 15. Qd1 Qd7 16.
Bd3 Bxd3 17. Qxd3 O-O-O 18. b3 Re8 19. Kd2 Ne5 20. Bxe5 Bxe5 21. Rh1 Qg4 22.
Qd5 Re6 23. Ne2 c6 24. Qf3 Qxf3 25. gxf3 Kd7 26. Rh5 f6 27. Nc1 d5 28. cxd5
cxd5 29. Nd3 Bd6 30. Rh8 Be7 31. Rh7 Kc6 32. f4 Bd6 33. fxg5 fxg5 34. Rg7 Be7
35. f3 a5 36. Rg8 Rh6 37. Rg6+ Rxg6 38. Ne5+ Kc5 39. Nxg6 Bf6 40. Kd3 Kb4 41.
Kc2 Ka3 42. Kb1 a4 43. bxa4 Kxa4 44. Nf8 d4 45. exd4 Bxd4 46. Ne6 Be3 47. Nd8
b5 48. Nc6 Ka3 49. Ne5 Bf4 50. Nd3 Bd6 51. Nc1 Kb4 52. Kc2 Kc4 53. Ne2 Be5 54.
Kd2 Kb4 55. Kc2 1/2-1/2

[Event "Floripa Chess Open 2024"]
[Site "Florianopolis"]
[Date "2024.01.23"]
[Round "5.103"]
[White "Lahoz, Cassiano"]
[Black "Frattini, Beatriz Maria"]
[Result "0-1"]
[WhiteElo "1592"]
[BlackElo "1873"]
[PlyCount "120"]
[EventDate "2024.01.20"]
[EventRounds "10"]
[EventCountry "BRA"]

1. e4 c5 2. Nc3 Nc6 3. g3 d6 4. Bg2 g6 5. d3 Bg7 6. f3 $146 ({RR} 6. Nce2 e5 7.
c3 Nf6 8. f4 d5 9. Qc2 O-O 10. Nh3 dxe4 11. dxe4 Re8 12. Nf2 c4 13. O-O Qb6 14.
Kh1 Be6 15. Nd1 Rad8 16. Be3 Qa5 17. Bg1 Rd3 18. Nf2 Red8 19. Rfd1 Qa6 20. Qc1
Ng4 {Fleischmann,C-Forintos,G Reggio Emilia 1962 0-1}) ({RR} 6. a3 Rb8 7. Nge2
Nf6 8. O-O O-O 9. h3 b5 10. f4 Bd7 11. g4 {1/2-1/2 (11) Milu,R (2395)-Marin,M 
(2545) Bucharest 1998}) ({RR} 6. Nce2 Nf6 7. c3 O-O 8. f4 Bd7 9. h3 Rb8 10. Nf3
b5 11. O-O Qc7 12. Rb1 Be6 13. b3 c4 14. d4 d5 15. e5 Ne4 16. b4 a5 17. a3 axb4
18. axb4 Ra8 19. Nd2 Ra2 20. Nxe4 dxe4 {Dabringhaus,C (1665)-Birnkott,M (1792)
Leverkusen 2011 0-1 (74)}) ({RR} 6. h3 e5 7. Be3 Nge7 8. Qd2 Nd4 9. Nce2 d5 10.
c3 Nxe2 11. Nxe2 dxe4 12. dxe4 Qxd2+ 13. Kxd2 b6 14. Rhd1 Bb7 15. Kc2 Nf5 16.
Bc1 Rd8 17. Rxd8+ Kxd8 18. g4 Nd6 19. Ng3 f5 20. gxf5 gxf5 {Bronstein,D-Ciric,
D Krems 1967 1-0 (44)}) 6... Rb8 7. Nge2 b5 8. Rb1 Qa5 9. Bd2 b4 10. Nd5 e6 11.
Ne3 Qc7 12. O-O Nge7 13. c3 a5 14. f4 f5 15. exf5 gxf5 16. Nc2 Ba6 17. Re1 Bxd3
18. Be3 Bc4 19. b3 Bxe2 20. Qxe2 Bxc3 21. Bd2 Bd4+ 22. Kh1 Qd7 23. Qh5+ Kd8 24.
Qf7 Kc7 25. Qxe6 Qxe6 26. Rxe6 Bg7 27. Rbe1 Kd7 28. R6e2 Rhe8 29. Bh3 Rf8 30.
Be3 Nd5 31. Bf2 Bc3 32. Rd1 Nd4 33. Nxd4 cxd4 34. Bxd4 Bxd4 35. Rxd4 Nc3 36.
Red2 Rf6 37. Kg2 Re8 38. Kf1 Re3 39. R4d3 Re8 40. a3 Nb1 41. Rd1 Nxa3 42. Rd5
Nc2 43. Rxd6+ Rxd6 44. Bxf5+ Ke7 45. Bxc2 Rxd1+ 46. Bxd1 Kd6 47. Kf2 Kc5 48. g4
Kd4 49. f5 Kd3 50. h4 Kd2 51. Bf3 a4 52. bxa4 b3 53. Bd5 b2 54. Ba2 Re4 55. Kf3
Rxa4 56. Bb1 Ra1 57. Be4 Rf1+ 58. Kg3 Re1 59. f6 Re3+ 60. Kf4 Rxe4+ 0-1

[Event "Floripa Chess Open 2024"]
[Site "Florianopolis"]
[Date "2024.01.23"]
[Round "5.104"]
[White "Silva, Henrique Brasil Bar"]
[Black "Da Silva De Sena, Jefferson Ryan F"]
[Result "1/2-1/2"]
[WhiteElo "1590"]
[BlackElo "1867"]
[PlyCount "61"]
[EventDate "2024.01.20"]
[EventRounds "10"]
[EventCountry "BRA"]

1. e4 e5 2. Nf3 Nf6 3. Nxe5 d6 4. Nf3 Nxe4 5. Nc3 Nxc3 6. dxc3 Be6 7. Be3 Be7
8. Qd2 Nd7 ({RR} 8... O-O 9. O-O-O a5 10. Kb1 a4 11. h4 Nc6 12. Ng5 Rb8 13. Bd3
h6 14. Nxe6 fxe6 15. g4 Ne5 16. Be2 b5 17. g5 h5 18. Bxh5 Nc4 19. Qd3 d5 20.
Bg4 Qd6 21. Qg6 e5 22. Be6+ {1-0 (22) Cardenas Carbajal,N (2126)-Rouast,J  
(2135) chess.com INT 2023}) 9. O-O-O Ne5 $146 ({RR} 9... Bxa2 10. b3 Nb6 11.
Kb2 Bxb3 12. cxb3 O-O 13. Bd3 a5 14. Bxb6 cxb6 15. Qf4 Qe8 16. Qe4 a4 17. Qxh7#
{1-0 (17) Marchesich,G (1479)-Ragazzi,M Arco 2015}) 10. Be2 f6 11. Kb1 Nc4 12.
Bxc4 Bxc4 13. Nd4 Qd7 14. b3 Bf7 15. h4 a5 16. Qe2 a4 17. g4 axb3 18. cxb3 Bg6+
19. Ka1 h5 20. g5 O-O 21. f4 f5 22. Bc1 Bf7 23. Kb1 g6 24. Rhe1 Rfe8 25. Qd3
Ra5 26. c4 Rea8 27. a4 Bf8 28. Re2 Rd8 29. Bd2 Rda8 30. Be3 Bg7 31. Rde1
1/2-1/2

[Event "Floripa Chess Open 2024"]
[Site "Florianopolis"]
[Date "2024.01.23"]
[Round "5.105"]
[White "De Paula, Luan Araujo"]
[Black "Mauro, Roberto Da Silva"]
[Result "1-0"]
[WhiteElo "1863"]
[BlackElo "1562"]
[PlyCount "111"]
[EventDate "2024.01.20"]
[EventRounds "10"]
[EventCountry "BRA"]

1. e4 c5 2. Nf3 e6 3. d4 cxd4 4. Nxd4 Nc6 5. Be3 Nf6 6. Nc3 a6 7. g3 d6 8. Bg2
Bd7 9. O-O Qc7 10. a4 ({RR} 10. f4 Na5 11. Bf2 Rc8 12. Qe2 Nc4 13. Rae1 Nxb2
14. e5 Qxc3 15. exf6 gxf6 16. Qh5 Rc5 17. Bd5 Rxd5 18. Qxd5 Qc8 19. Qh5 Nc4 20.
Nxe6 Bxe6 21. f5 Ne5 22. fxe6 Qxe6 23. Rb1 Qd5 24. Rb3 Be7 {Naiditsch,A (2696)
-Saric,I (2668) Monzon 2016 1-0 (60)}) ({RR} 10. h3 b5 11. Nxc6 Bxc6 12. Qd4
Be7 13. a3 O-O 14. Rad1 a5 15. g4 Qb7 16. g5 Nd7 17. f3 b4 18. axb4 axb4 19.
Ne2 Rfc8 20. Qd2 Ra2 21. Ra1 Rca8 22. Rxa2 Rxa2 23. Rb1 Ne5 24. b3 Nd7 {
Vidic,T (2172)-Cramling,P (2455) chess.com INT 2021 1-0 (53)}) 10... Rc8 $146 (
{RR} 10... Ne5 11. h3 Be7 12. Nde2 Rc8 13. b3 O-O 14. a5 Bc6 15. f4 Ned7 16.
Nd4 e5 17. Nf5 Rfe8 18. Nxe7+ Rxe7 19. f5 Nc5 20. Bg5 Nfxe4 21. Nxe4 Nxe4 22.
Bxe7 Qxe7 {1/2-1/2 (22) Matulovic,M (2460)-Cvetkovic,S (2500) Arandjelovac 1993
}) ({RR} 10... Be7 11. Nb3 Ne5 12. Nd2 b6 13. h3 Rb8 14. f4 Nc6 15. g4 O-O 16.
g5 Ne8 17. f5 Ne5 18. Qh5 g6 19. Qh6 f6 20. fxg6 Nxg6 21. Nf3 Rf7 22. gxf6 Nxf6
23. Rf2 Bf8 24. Qg5 Be7 25. Qg3 {Kharmunova,N (2140)-Khropova,L (2060) Moscow
2009 0-1}) 11. Re1 Na5 12. Qe2 Qc4 13. Rad1 Qxe2 14. Rxe2 Be7 15. f4 Nc6 16.
Nb3 e5 17. h3 Be6 18. Nd5 Nd7 19. Red2 O-O 20. Nxe7+ Nxe7 21. Rxd6 Rxc2 22.
Rxe6 fxe6 23. Rxd7 exf4 24. gxf4 Ng6 25. Rd2 Rxd2 26. Bxd2 Nxf4 27. Bxf4 Rxf4
28. Nc5 Rf6 29. Nxb7 e5 30. Bf1 Rb6 31. Nc5 a5 32. Bb5 Kf7 33. Nd7 Rd6 34.
Nxe5+ Ke6 35. Nd3 g5 36. Kf2 h5 37. Kg3 Rd4 38. b3 Rd8 39. Bc4+ Kd6 40. e5+ Ke7
41. h4 Rd4 42. hxg5 Rg4+ 43. Kh3 Rxg5 44. Kh4 Rg1 45. Kxh5 Rg3 46. Nf2 Rg1 47.
Ng4 Rg3 48. Kg5 Rg1 49. Kf5 Rg3 50. Kf4 Rg1 51. Ne3 Re1 52. Nf5+ Kf8 53. e6 Ke8
54. Kg5 Re5 55. Kf6 Re1 56. Bb5+ 1-0